000 01473cam a2200421Ii 4500
999 _c58
_d58
001 860755419
003 OCoLC
005 20190724145106.0
008 131014r20142013nyu d 000 f eng d
020 _a1442457333 (paperback)
020 _a9781442457331 (paperback)
035 _a(OCoLC)860755419
040 _aYDXCP
_beng
_erda
_cYDXCP
_dKH8
049 _aNYPP
050 4 _aPS3608.A9164
_bO34 2014
082 0 4 _aFIC HAY
_223
091 _aFIC
100 1 _aHaydu, Corey Ann,
_eauthor.
245 1 0 _aOCD love story /
_cCorey Ann Haydu.
250 _aFirst Simon Pulse paperback edition.
264 1 _aNew York :
_bSimon Pulse,
_c2014.
300 _a341 pages ;
_c21 cm.
336 _atext
_btxt
_2rdacontent.
337 _aunmediated
_bn
_2rdamedia.
338 _avolume
_bnc
_2rdacarrier.
520 _a"In an instant, Bea felt almost normal with Beck, and as if she could fall in love again, but things change when the psychotherapist who has been helping her deal with past romantic relationships puts her in a group with Beck--a group for teens with obsessive-compulsive disorder"--
_cProvided by publisher.
521 1 _aAges 14 up.
650 0 _aObsessive-compulsive disorder
_vFiction.
650 0 _aPsychotherapy
_vFiction.
650 0 _aInterpersonal relations
_vFiction.
650 0 _aYoung adult literature.
901 _aika
_bCATBL
901 _aMARS
908 4 _aPS3608.A9164
942 _2ddc
_cFIC
945 _a.b202603854
946 _am